Od Priemyslu 4.0 k Priemyslu 5.0

Len nedávno sa spoločnosť a priemysel zaoberali princípmi a stratégiou Priemysel 4.0 a už tu prebieha Priemysel 5.0. Stratégia Priemysel 5.0 predstavuje zásadný posun v prístupe k priemyselnej výrobe, ktorý kladie dôraz na spoluprácu medzi človekom a technológiami, udržateľnosť a odolnosť podnikov....

Descripción completa

Guardado en:
Detalles Bibliográficos
Autor principal: Kordošová, Miroslava
Formato: Capítulo de libro
Lenguaje:eslovaco
Materias:
Etiquetas: Agregar Etiqueta
Sin Etiquetas, Sea el primero en etiquetar este registro!

MARC

LEADER 00000naa a2200000 4500
001 0313551
005 20251210092631.9
041 0 |a slo 
044 |a SK 
245 1 0 |a Od Priemyslu 4.0 k Priemyslu 5.0  |c Miroslava Kordošová 
520 |a Len nedávno sa spoločnosť a priemysel zaoberali princípmi a stratégiou Priemysel 4.0 a už tu prebieha Priemysel 5.0. Stratégia Priemysel 5.0 predstavuje zásadný posun v prístupe k priemyselnej výrobe, ktorý kladie dôraz na spoluprácu medzi človekom a technológiami, udržateľnosť a odolnosť podnikov. Tento nový model prináša nielen technologické inovácie, ale aj nové výzvy v oblasti bezpečnosti práce, pracovného prostredia a spolupráce človeka s umelou inteligenciou. Porovnanie oboch stratégií a nové výzvy, ktoré prináša stratégia Priemysel 5.0. všeobecne, ale aj so zameraním na bezpečnosť práce. 
610 2 0 |a priemysel 4.0 
610 2 0 |a priemysel 5.0 
610 2 0 |a stratégia podniková 
610 2 0 |a výroba 
610 2 0 |a inteligencia umelá 
610 2 0 |a technológie nové 
610 2 0 |a udržateľnosť 
100 1 |a Kordošová, Miroslava